| 000 | 00884cad a22001935a 4500 | ||
|---|---|---|---|
| 001 | L150277 | ||
| 008 | 100618e20100521xxk f s 000 0 eng d | ||
| 035 | _a(Sirsi) u150277 | ||
| 041 | 0 | _aeng | |
| 110 | 2 |
_aCouncil of Mortgage Lenders _95903 |
|
| 245 | 0 | 0 |
_aMarket commentary _bMay 2010 _h[electronic resource] |
| 490 |
_aCML Market Commentary _vMay 2010 |
||
| 520 | _aMortgage arrears improving with borrowers benefitting from low interest rates. Government spending cuts and austerity measures expected to be introduced in the Emergency Budget on 22 June 2010 will slow the pick up in the housing market. | ||
| 590 | _aKA | ||
| 651 | 4 |
_aEngland and Wales _y1543- |
|
| 690 | _aPROPERTY-RESIDENTIAL PROPERTY-RESIDENTIAL PROPERTY MARKET | ||
| 856 | 4 | 0 |
_uhttps://www.cml.org.uk/cml/publications/marketcommentary/212 _zView the commentary free of charge at www.cml.org.uk |
| 942 | _n0 | ||
| 999 |
_c110815 _d110815 |
||